Forensic science: Fundamentals and investigations (Record no. 394445)

MARC details
000 -LEADER
fixed length control field 00566 a2200205 4500
005 - DATE & TIME
control field 20260129105638.0
008 - FIXED-LENGTH DATA ELEMENTS--GENERAL INFORMATION
fixed length control field 260128b |||||||| |||| 00| 0 eng d
020 ## - ISBN
International Standard Book Number 9789360533342
Price Rs. 2495.00
040 ## - CATALOGING SOURCE
Original cataloging agency VIVEKANANDA LIBRARY
082 ## - DDC NUMBER
Classification number 363.25
Book Number B462F(3)
100 ## - MAIN ENTRY--PERSONAL NAME
Personal name Bertino, Anthony J
245 ## - TITLE STATEMENT
Title Forensic science: Fundamentals and investigations
250 ## - EDITION STATEMENT
Edition statement 3rd
260 ## - PUBLICATION, DISTRIBUTION, ETC. (IMPRINT)
Name of publisher, distributor, etc Cengage Learning
Date of publication, distribution, etc 2025
Place of publication, distribution, etc New Delhi
300 ## - PHYSICAL DESCRIPTION
Pages xxix, 898
650 ## - Subject
Subject Forensic Sciences
650 ## - Subject
Subject Crime Investigation
700 ## - Added Entry Personal Name
Added Entry Personal Name Bertino, Patricia Nolan
942 ## - ADDED ENTRY ELEMENTS (KOHA)
Koha item type Books
Holdings
Withdrawn status Lost status Source of classification or shelving scheme Damaged status Not for loan Location (home branch) Sublocation or collection (holding branch) Shelving location Date acquired Koha issues (times borrowed) Koha full call number Accession No. Koha date last seen Koha item type
    Dewey Decimal Classification     VIVEKANANDA LIBRARY VIVEKANANDA LIBRARY Vivekananda Library 17/12/2025   363.25 B462F(3) 443671 17/12/2025 Books
© Designed and Maintained by Vivekananda Library, MDU Rohtak